Tabulatura Vietoris saeculi XVII.

Další autoři: Ferenczi, Ilona, 1949-, Hulková, Marta, 1953-
Jazyk: Latina
Vydáno: Bratislava : Opus, 1986
Vydání: 1. (kritické) vyd.
Edice: Musicalia Danubiana
Fyzický popis: 251 s. : faksim.
Hudebniny Hudebniny
Uloženo v:
LEADER 00923ncm a22002772a 4500
001 001195248
003 CZ BrMZK
005 20140304164705.0
007 qu
008 120216s1986 xo |||||||||||||||||lat d
040 |a BOA001  |b cze 
072 7 |a 784  |x Vokální hudba  |2 Konspekt  |9 9 
245 0 0 |a Tabulatura Vietoris saeculi XVII.  |h [hudebnina] /  |c edit. Ilona Ferenczi a Marta Hulková 
250 |a 1. (kritické) vyd. 
260 |a Bratislava :  |b Opus,  |c 1986 
300 |a 251 s. :  |b faksim. 
490 1 |a Musicalia Danubiana ;  |v 5 
500 |a Pro virginal, zpěv, klariny 
504 |a Obsahuje bibliografii 
700 1 |a Ferenczi, Ilona,  |d 1949-  |7 xx0160216  |4 edt 
700 1 |a Hulková, Marta,  |d 1953-  |7 xx0178984  |4 edt 
830 0 |a Musicalia Danubiana 
910 |a BOA001  |b Mus4-0930.795 
990 |a MU 
991 |b 201202 
996 6 |b 2619053680  |c Mus4-0930.795  |l MZK  |r Sklad / do 1 hodiny  |n 0  |w 001228811  |u 000010  |a 1  |e BOA001  |j MZK50  |s P